[Event "British Rapidplay"]
[Site "Peterborough"]
[Date "2025.03.02"]
[Round "7"]
[White "Eckersley Waites, Adam"]
[Black "Manmay, Chopra"]
[Result "1-0"]
[WhiteElo "2247"]
[BlackElo "2156"]
[PlyCount "101"]
[EventDate "2025.03.01"]
[EventType "swiss (rapid)"]
[EventRounds "11"]
[EventCountry "ENG"]
[SourceTitle "CB10_2025"]
[SourceDate "2025.03.05"]
[SourceVersion "1"]
[SourceVersionDate "2025.03.05"]
[SourceQuality "1"]

1. e4 Nc6 2. Nf3 g6 3. d4 d6 4. Bc4 Bg7 5. 0-0 Nf6 6. Qe2 Bg4 7. c3 e5 8. Rd1 Qe7 9. d5 Nb8 10. a4 a5 11. Na3 0-0 12. Nb5 Na6 13. h3 Bd7 14. Bg5 h6 15. Bh4 g5 16. Bg3 Bxb5 17. axb5 Nc5 18. Nd2 a4 19. Ra3 Nfd7 20. Rda1 Nb6 21. Bd3 Nxd3 22. Qxd3 Qe8 23. f3 Ra5 24. c4 f5 25. b4 Ra8 26. c5 Nd7 27. Bf2 b6 28. Qc4 g4 29. hxg4 fxg4 30. fxg4 Nf6 31. Qe2 Qg6 32. Rg3 Nd7 33. c6 Nf6 34. Raa3 Nh7 35. Nc4 Ng5 36. Bxb6 cxb6 37. Nxb6 Rab8 38. Nd7 Nxe4 39. Nxf8 Rxf8 40. Qd3 Bf6 41. Re3 Bd8 42. Qxe4 Qg5 43. Rf3 Bb6+ 44. Kh2 Rd8 45. Qf5 Qc1 46. Rf1 Qxa3 47. Qg6+ Kh8 48. Qxh6+ Kg8 49. Rf5 Bg1+ 50. Kxg1 Qc1+ 51. Qxc1 1-0

[Event "British Rapidplay"]
[Site "Peterborough"]
[Date "2025.03.02"]
[Round "11"]
[White "Lebedev, Lion"]
[Black "Manmay, Chopra"]
[Result "0-1"]
[WhiteElo "2038"]
[BlackElo "2156"]
[PlyCount "154"]
[EventDate "2025.03.01"]
[EventType "swiss (rapid)"]
[EventRounds "11"]
[EventCountry "ENG"]
[SourceTitle "CB10_2025"]
[SourceDate "2025.03.05"]
[SourceVersion "1"]
[SourceVersionDate "2025.03.05"]
[SourceQuality "1"]

1. d4 Nf6 2. c4 g6 3. Nc3 Bg7 4. g3 0-0 5. Bg2 d6 6. Nf3 Nc6 7. 0-0 Bf5 8. Re1 Ne4 9. Nxe4 Bxe4 10. Be3 e5 11. dxe5 dxe5 12. Nd2 Bxg2 13. Kxg2 f5 14. Nb3 b6 15. Qxd8 Raxd8 16. Rad1 e4 17. Bf4 Rf7 18. Rxd8+ Nxd8 19. Rd1 Ne6 20. Bc1 c5 21. e3 Rc7 22. Kf1 Kf7 23. Ke2 Ke7 24. a4 Ng5 25. Nd2 Nf7 26. Nb1 Ne5 27. Nc3 Kf7 28. Nd5 Rd7 29. b3 g5 30. Bb2 Nf3 31. Bxg7 Kxg7 32. h3 Ne5 33. Ra1 Nc6 34. Rh1 Na5 35. Rb1 Rd6 36. Kd1 Rh6 37. Ne7 Rd6+ 38. Kc2 Kf6 39. Nd5+ Ke5 40. Rh1 Rh6 41. Kc3 Nc6 42. Kd2 Rd6 43. Kc2 Nd8 44. a5 bxa5 45. Ra1 Nc6 46. Kc1 Rh6 47. Kd2 Rxh3 48. Ke2 Rh6 49. Nc3 Rd6 50. Na4 f4 51. gxf4+ gxf4 52. Nxc5 f3+ 53. Ke1 Rh6 54. Kd2 Rh2 55. Rf1 Nb4 56. Kc3 h5 57. Nd7+ Ke6 58. Nc5+ Kf5 59. Kd4 Nc6+ 60. Kd5 Nb4+ 61. Kd4 a6 62. Nd7 Nd3 63. c5 Rxf2 64. Rh1 Nb4 65. Rxh5+ Kg6 66. Rh4 Rd2+ 67. Kxe4 Rxd7 68. Kxf3 Rd5 69. Rc4 Nc6 70. Ke4 Re5+ 71. Kf4 Kf6 72. e4 Rh5 73. Rc2 Rh4+ 74. Ke3 Ke5 75. Rg2 Rxe4+ 76. Kd3 Kd5 77. Rg6 Ne5+ 0-1

[Event "London Classic op 14th"]
[Site "London"]
[Date "2024.12.07"]
[Round "9"]
[White "Pert, Richard G"]
[Black "Manmay, Chopra"]
[Result "1-0"]
[WhiteElo "2399"]
[BlackElo "2217"]
[PlyCount "105"]
[EventDate "2024.11.29"]
[EventType "swiss"]
[EventRounds "9"]
[EventCountry "ENG"]
[SourceTitle "CB50_2024"]
[SourceDate "2024.11.01"]
[SourceVersion "1"]
[SourceVersionDate "2024.11.01"]
[SourceQuality "2"]

1. d4 e6 2. Nf3 Nf6 3. Bf4 b6 4. e3 Bb7 5. Nbd2 Nh5 6. Bg5 Be7 7. h4 h6 8. g4 Nf6 9. Bxf6 Bxf6 10. Bd3 Nc6 11. c3 Qe7 12. Qe2 d5 13. 0-0-0 0-0-0 14. e4 g5 15. e5 Bg7 16. Rde1 Rdg8 17. hxg5 hxg5 18. Qe3 Rxh1 19. Rxh1 f6 20. Rh7 fxe5 21. Nxe5 Nxe5 22. Qxe5 Kd7 23. Qe3 Rh8 24. Rxh8 Bxh8 25. Nf3 Bf6 26. Ne5+ Bxe5 27. Qxe5 Qf7 28. Qxg5 Qxf2 29. Qg7+ Kc6 30. a4 a6 31. g5 Qe1+ 32. Kc2 Qf2+ 33. Kb3 Qf3 34. Qe7 Bc8 35. Bc2 a5 36. Qe8+ Bd7 37. Qa8+ Kd6 38. g6 Qf6 39. Qg8 Qf2 40. g7 Bxa4+ 41. Kxa4 Qxc2+ 42. Ka3 a4 43. Qd8+ Kc6 44. Qe8+ Kb7 45. Qxa4 Qh7 46. Qd7 Qg8 47. Kb3 Qh7 48. Ka2 Qg6 49. Qe7 Qd3 50. Qxe6 Qc4+ 51. b3 Qxc3 52. Qxd5+ Ka7 53. Qg2 1-0

[Event "London Classic op 14th"]
[Site "London"]
[Date "2024.12.02"]
[Round "5"]
[White "Manmay, Chopra"]
[Black "Cancedda Dupuis, Livio"]
[Result "1-0"]
[WhiteElo "2217"]
[BlackElo "2039"]
[PlyCount "85"]
[EventDate "2024.11.29"]
[EventType "swiss"]
[EventRounds "9"]
[EventCountry "ENG"]
[SourceTitle "CB50_2024"]
[SourceDate "2024.11.01"]
[SourceVersion "1"]
[SourceVersionDate "2024.11.01"]
[SourceQuality "2"]

1. e4 c5 2. Nf3 a6 3. g3 Nc6 4. Bg2 e5 5. c3 d6 6. d4 cxd4 7. cxd4 Bg4 8. d5 Nd4 9. Be3 Nxf3+ 10. Bxf3 Bxf3 11. Qxf3 g6 12. Nc3 Bg7 13. 0-0 Qd7 14. Rfc1 Ne7 15. Bg5 f6 16. Bd2 0-0 17. Qd3 Rf7 18. f3 Raf8 19. Rf1 f5 20. Ne2 Kh8 21. Rac1 Ng8 22. exf5 Rxf5 23. Nc3 R5f7 24. Ne4 Nf6 25. Ng5 Re7 26. Ne6 Rxe6 27. dxe6 Qxe6 28. Rc7 d5 29. Rxb7 Re8 30. Qb3 Nd7 31. Qc2 e4 32. fxe4 Bd4+ 33. Kg2 dxe4 34. Bc3 Bg7 35. Bxg7+ Kxg7 36. Qb3 Qe7 37. Qd5 Rd8 38. Rd1 Qf6 39. Rxd7+ Rxd7 40. Qxd7+ Kh6 41. Qd2+ Kh5 42. Qf4 Qxb2+ 43. Rd2 1-0

[Event "Titled Tuesday intern op 17th Sep Early"]
[Site "Chess,com INT"]
[Date "2024.09.17"]
[Round "5"]
[White "Manmay, Chopra"]
[Black "Asish, Panda"]
[Result "1-0"]
[WhiteElo "2217"]
[BlackElo "1903"]
[PlyCount "53"]
[EventDate "2024.09.17"]
[EventType "swiss (blitz)"]
[EventRounds "11"]
[EventCountry "USA"]
[SourceTitle "EXT 2025"]
[Source "ChessBase"]
[SourceDate "2024.10.14"]
[SourceVersion "1"]
[SourceVersionDate "2024.10.14"]
[SourceQuality "1"]

1. Nf3 d5 2. b3 Nf6 3. Bb2 e6 4. g3 Be7 5. Bg2 0-0 6. 0-0 c5 7. d3 Nc6 8. Ne5 Qc7 9. Nxc6 bxc6 10. e4 e5 11. Nc3 Rd8 12. Qe2 Ba6 13. Rfe1 d4 14. Na4 Rab8 15. Rf1 Bb5 16. Bc1 Bxa4 17. bxa4 Qa5 18. f4 Nd7 19. Bh3 Qc3 20. Bd2 Qxc2 21. Bxd7 Rxd7 22. fxe5 Bg5 23. Qg4 Bxd2 24. Qxd7 Be3+ 25. Kh1 h6 26. Rxf7 Kh8 27. Rxg7 1-0

[Event "Titled Tuesday intern op 17th Sep Late"]
[Site "Chess,com INT"]
[Date "2024.09.17"]
[Round "2"]
[White "Manmay, Chopra"]
[Black "Hernandez Ojeda, Garry Anatholy"]
[Result "0-1"]
[WhiteElo "2217"]
[BlackElo "2046"]
[PlyCount "114"]
[EventDate "2024.09.17"]
[EventType "swiss (blitz)"]
[EventRounds "11"]
[EventCountry "USA"]
[SourceTitle "EXT 2025"]
[Source "ChessBase"]
[SourceDate "2024.10.14"]
[SourceVersion "1"]
[SourceVersionDate "2024.10.14"]
[SourceQuality "1"]

1. Nf3 Nf6 2. b3 d6 3. Bb2 e5 4. d3 g6 5. g3 Bg7 6. Bg2 0-0 7. 0-0 Re8 8. e4 c6 9. Re1 Qc7 10. c4 a5 11. Nc3 Na6 12. d4 exd4 13. Nxd4 Bd7 14. Rc1 Rad8 15. a3 Bc8 16. Qc2 h5 17. Rcd1 h4 18. Bc1 h3 19. Bf1 Nc5 20. b4 axb4 21. axb4 Na6 22. b5 Nc5 23. Bg5 Bd7 24. f4 Ra8 25. f5 Nh7 26. Bf4 g5 27. Bc1 g4 28. Bf4 Be5 29. Be2 Bg7 30. Bxg4 Be5 31. Bxh3 Nf6 32. Bg2 Ra3 33. Bxe5 dxe5 34. Nf3 Qb6 35. Kh1 Rxc3 36. Qxc3 Ncxe4 37. c5 Nxc3 38. cxb6 Nxd1 39. Rxd1 cxb5 40. Ne1 e4 41. Nc2 Kg7 42. Ne3 Bc6 43. g4 Nd7 44. g5 Ne5 45. Bf1 Nf3 46. Rb1 Rh8 47. Ng4 Rh4 48. Bxb5 Bxb5 49. f6+ Kg6 50. Ne5+ Nxe5 51. Rxb5 Nf3 52. Rb2 Rxh2+ 53. Rxh2 Nxh2 54. Kxh2 Kxg5 55. Kg3 Kf5 56. Kf2 Kxf6 57. Ke3 Ke5 0-1

[Event "Titled Tuesday intern op 17th Sep Early"]
[Site "Chess,com INT"]
[Date "2024.09.17"]
[Round "2"]
[White "Manmay, Chopra"]
[Black "Seemann, Jakub"]
[Result "1-0"]
[WhiteElo "2217"]
[BlackElo "2489"]
[PlyCount "137"]
[EventDate "2024.09.17"]
[EventType "swiss (blitz)"]
[EventRounds "11"]
[EventCountry "USA"]
[SourceTitle "EXT 2025"]
[Source "ChessBase"]
[SourceDate "2024.10.14"]
[SourceVersion "1"]
[SourceVersionDate "2024.10.14"]
[SourceQuality "1"]

1. Nf3 Nf6 2. b3 b6 3. g3 Bb7 4. Bg2 c5 5. Bb2 Nc6 6. 0-0 e6 7. d4 Be7 8. c4 cxd4 9. Nxd4 0-0 10. Nc3 Rc8 11. Nxc6 Bxc6 12. Bxc6 dxc6 13. Qxd8 Rfxd8 14. Rfd1 Kf8 15. Rxd8+ Rxd8 16. Rd1 Rxd1+ 17. Nxd1 Ne4 18. f3 Nc5 19. Kf2 g6 20. e4 Ke8 21. Ke3 Kd7 22. Ba3 b5 23. cxb5 cxb5 24. Nf2 a5 25. Bb2 a4 26. bxa4 Nxa4 27. Bd4 Kc6 28. Nd3 f6 29. e5 f5 30. Nf4 Nc5 31. Bxc5 Bxc5+ 32. Kd3 Kd7 33. Ne2 g5 34. Nd4 Bxd4 35. Kxd4 Kc6 36. a3 Kb6 37. Kc3 Kc5 38. h3 h6 39. Kb3 Kd4 40. Kb4 Ke3 41. Kxb5 Kxf3 42. a4 Kxg3 43. a5 f4 44. a6 f3 45. a7 f2 46. a8Q f1Q+ 47. Kc5 Qf5 48. Kd6 Kxh3 49. Qa3+ Kh4 50. Qe3 h5 51. Qe1+ Kg4 52. Qg1+ Kf4 53. Qf2+ Ke4 54. Qc2+ Kf4 55. Qf2+ Kg4 56. Qg2+ Kh4 57. Qh2+ Qh3 58. Qf2+ Qg3 59. Qf6 Qf4 60. Kxe6 Qc4+ 61. Kf5 Qf1+ 62. Kg6 Qd3+ 63. Kh6 Qe3 64. e6 Kg4 65. e7 h4 66. Qf7 Qb6+ 67. Kh7 Qb1+ 68. Kh8 Qb2+ 69. Kg8 1-0

[Event "London Menchik Memorial Blitz op 3rd"]
[Site "London"]
[Date "2024.09.03"]
[Round "7"]
[White "Clarke, Connor"]
[Black "Manmay, Chopra"]
[Result "1/2-1/2"]
[WhiteElo "2078"]
[BlackElo "2056"]
[PlyCount "137"]
[EventDate "2024.09.03"]
[EventType "swiss (blitz)"]
[EventRounds "14"]
[EventCountry "ENG"]
[SourceTitle "EXT 2025"]
[Source "ChessBase"]
[SourceDate "2024.10.14"]
[SourceVersion "1"]
[SourceVersionDate "2024.10.14"]
[SourceQuality "1"]

1. d4 e6 2. c4 d5 3. Nc3 Nf6 4. cxd5 exd5 5. Bg5 Be7 6. e3 c6 7. Bd3 Bg4 8. Nge2 Bh5 9. Qb3 Qb6 10. Nf4 Bg6 11. Nxg6 hxg6 12. h3 Nbd7 13. Na4 Qxb3 14. axb3 0-0 15. Ke2 Rfc8 16. Rhc1 Kf8 17. Nc5 Nxc5 18. dxc5 Nd7 19. Bxe7+ Kxe7 20. b4 b6 21. cxb6 Nxb6 22. Ra6 Rc7 23. Rca1 Nd7 24. R1a5 Rb8 25. b5 c5 26. Rxa7 Rxa7 27. Rxa7 c4 28. Bc2 Rb6 29. b3 Kd6 30. bxc4 dxc4 31. Ra4 Kc5 32. Ra7 Kd6 33. Kd2 Rxb5 34. Ba4 Rd5+ 35. Kc3 Nb6 36. Bc2 Rg5 37. g4 Nd7 38. Ba4 Nb6 39. Be8 Rd5 40. Bxf7 Rd3+ 41. Kc2 Kc5 42. Rc7+ Kb4 43. Rc6 Rc3+ 44. Kd2 Na4 45. Bxg6 Rb3 46. Rc8 Rb2+ 47. Kc1 Rxf2 48. Rb8+ Kc3 49. Kd1 Nb2+ 50. Ke1 Rh2 51. Rb7 Rxh3 52. Rxg7 Rxe3+ 53. Kf2 Nd1+ 54. Kg2 Kd2 55. Rd7+ Ke2 56. Bc2 Nc3 57. g5 Re5 58. g6 Rg5+ 59. Kh3 Ke3 60. Kh4 Rg1 61. g7 Ne2 62. Re7+ Kd2 63. Bf5 c3 64. Rd7+ Ke1 65. Kh5 Ng3+ 66. Kg6 Nxf5+ 67. Kxf5 c2 68. Rc7 Kd2 69. Kf6 1/2-1/2

[Event "London Menchik Memorial Blitz op 3rd"]
[Site "London"]
[Date "2024.09.03"]
[Round "10"]
[White "Grose, Kameron"]
[Black "Manmay, Chopra"]
[Result "0-1"]
[WhiteElo "1776"]
[BlackElo "2056"]
[PlyCount "56"]
[EventDate "2024.09.03"]
[EventType "swiss (blitz)"]
[EventRounds "14"]
[EventCountry "ENG"]
[SourceTitle "EXT 2025"]
[Source "ChessBase"]
[SourceDate "2024.10.14"]
[SourceVersion "1"]
[SourceVersionDate "2024.10.14"]
[SourceQuality "1"]

1. e4 e5 2. Nf3 Nc6 3. Bc4 Nf6 4. d3 h6 5. c3 d6 6. d4 Bg4 7. d5 Ne7 8. Nbd2 g5 9. h3 Bh5 10. g4 Bg6 11. Nf1 Bxe4 12. Bb5+ c6 13. dxc6 bxc6 14. Bd3 Bxd3 15. Qxd3 Bg7 16. Ng3 0-0 17. Be3 Re8 18. Rd1 Nfd5 19. h4 Nxe3 20. Qxe3 Nd5 21. Rxd5 cxd5 22. hxg5 e4 23. Nd4 Qxg5 24. Qe2 Qc1+ 25. Qd1 Qxb2 26. Ngf5 Qxc3+ 27. Kf1 Bxd4 28. Nxd4 Qd3+ 0-1

[Event "London Menchik Memorial Blitz op 3rd"]
[Site "London"]
[Date "2024.09.03"]
[Round "3"]
[White "Manmay, Chopra"]
[Black "Czopor, Maciej"]
[Result "0-1"]
[WhiteElo "2056"]
[BlackElo "2320"]
[PlyCount "90"]
[EventDate "2024.09.03"]
[EventType "swiss (blitz)"]
[EventRounds "14"]
[EventCountry "ENG"]
[SourceTitle "EXT 2025"]
[Source "ChessBase"]
[SourceDate "2024.10.14"]
[SourceVersion "1"]
[SourceVersionDate "2024.10.14"]
[SourceQuality "1"]

1. Nf3 Nf6 2. b3 d5 3. Bb2 e6 4. g3 c5 5. Bg2 Nc6 6. Ne5 Nxe5 7. Bxe5 Bd6 8. Bxd6 Qxd6 9. d4 0-0 10. c3 e5 11. 0-0 Bf5 12. Nd2 Rfe8 13. Re1 Rad8 14. Nf3 e4 15. Ne5 h5 16. Qd2 Nd7 17. Nxd7 Rxd7 18. Rac1 h4 19. Qg5 Be6 20. Qxh4 cxd4 21. cxd4 Qb4 22. Red1 a5 23. Qf4 a4 24. Qd2 Qa3 25. b4 e3 26. fxe3 Bf5 27. e4 dxe4 28. e3 Be6 29. Rc2 Bd5 30. Rdc1 g6 31. Bf1 Kg7 32. Bb5 Bc6 33. Rxc6 bxc6 34. Bxc6 Rc8 35. d5 Rxd5 36. Qc3+ Qxc3 37. Rxc3 Rd1+ 38. Kg2 Rd2+ 39. Kh3 Rxa2 40. b5 Rb2 41. Rc4 a3 42. Rxe4 a2 43. Ra4 Rd8 44. e4 Rd1 45. b6 a1Q 0-1

[Event "London Menchik Memorial Blitz op 1st"]
[Site "London"]
[Date "2024.08.31"]
[Round "2"]
[White "Manmay, Chopra"]
[Black "Bijeljic, Branko"]
[Result "1-0"]
[WhiteElo "2126"]
[BlackElo "1959"]
[PlyCount "51"]
[EventDate "2024.08.31"]
[EventType "swiss (blitz)"]
[EventRounds "9"]
[EventCountry "ENG"]
[SourceTitle "EXT 2025"]
[Source "ChessBase"]
[SourceDate "2024.10.14"]
[SourceVersion "1"]
[SourceVersionDate "2024.10.14"]
[SourceQuality "1"]

1. e4 c5 2. Nf3 d6 3. d4 cxd4 4. Qxd4 a6 5. c4 Nc6 6. Qd2 g6 7. b3 Bg7 8. Bb2 Bxb2 9. Qxb2 Nf6 10. Nbd2 0-0 11. Bd3 Rb8 12. 0-0 Ng4 13. Rac1 Qa5 14. a3 Qd8 15. b4 e6 16. h3 Nge5 17. Bb1 Qe7 18. b5 axb5 19. cxb5 Nxf3+ 20. Nxf3 Na5 21. Rfd1 b6 22. Qb4 Rd8 23. e5 Bb7 24. exd6 Qf6 25. Qc3 Qf5 26. Bxf5 1-0

[Event "London Menchik Memorial Blitz op 1st"]
[Site "London"]
[Date "2024.08.31"]
[Round "5"]
[White "Manmay, Chopra"]
[Black "Tanmay, Chopra"]
[Result "0-1"]
[WhiteElo "2126"]
[BlackElo "2264"]
[PlyCount "64"]
[EventDate "2024.08.31"]
[EventType "swiss (blitz)"]
[EventRounds "9"]
[EventCountry "ENG"]
[SourceTitle "EXT 2025"]
[Source "ChessBase"]
[SourceDate "2024.10.14"]
[SourceVersion "1"]
[SourceVersionDate "2024.10.14"]
[SourceQuality "1"]

1. Nf3 d5 2. b3 c5 3. Bb2 f6 4. d3 e5 5. e4 d4 6. g3 Nc6 7. h4 Nh6 8. Bh3 Ng4 9. Nbd2 Be6 10. h5 Qd7 11. Nh2 Nxh2 12. Bxe6 Qxe6 13. Rxh2 0-0-0 14. a4 Be7 15. Qf3 g6 16. hxg6 hxg6 17. Qh1 Rxh2 18. Qxh2 Nb4 19. 0-0-0 Na2+ 20. Kb1 Nc3+ 21. Bxc3 dxc3 22. Nc4 Qg4 23. Ne3 Qe2 24. Qh3+ Rd7 25. Qf1 Qf3 26. Qh1 Qe2 27. Qf1 Qf3 28. Qh3 Qxf2 29. Nd5 f5 30. Rf1 Qd2 31. exf5 gxf5 32. Rxf5 Qd1+ 0-1

[Event "Titled Tuesday intern op 27th Aug Late"]
[Site "Chess.com INT"]
[Date "2024.08.27"]
[Round "5"]
[White "Manmay, Chopra"]
[Black "Grot, Blazej"]
[Result "0-1"]
[WhiteElo "2152"]
[BlackElo "2155"]
[PlyCount "76"]
[EventDate "2024.08.27"]
[EventType "swiss (blitz)"]
[EventRounds "11"]
[EventCountry "USA"]
[SourceTitle "EXT 2025"]
[Source "ChessBase"]
[SourceDate "2024.10.14"]
[SourceVersion "1"]
[SourceVersionDate "2024.10.14"]
[SourceQuality "1"]

1. d4 Nf6 2. Nf3 e6 3. Bf4 d5 4. e3 c5 5. Nbd2 Bd6 6. Bg3 Qc7 7. Ne5 Nbd7 8. f4 h5 9. Bh4 Ng4 10. Nxg4 hxg4 11. Qxg4 cxd4 12. exd4 Qxc2 13. Bf2 Bb4 14. Qd1 Qxb2 15. Rc1 Qxa2 16. Bb5 Qa5 17. Bd3 Nf6 18. Rc2 Bd7 19. 0-0 Ba4 20. Nf3 Bxc2 21. Qxc2 Bd6 22. Rb1 Qc7 23. Qa4+ Ke7 24. Ne5 Rhc8 25. Bh4 a6 26. f5 b5 27. Qa1 Qc3 28. fxe6 Qxa1 29. Rxa1 fxe6 30. Ng6+ Kf7 31. Rf1 Rc3 32. Bb1 Rac8 33. Ne5+ Kg8 34. Bg5 Bxe5 35. dxe5 Ne4 36. Bf4 Rf8 37. g3 g5 38. Bxe4 gxf4 0-1

[Event "Titled Tuesday intern op 27th Aug Late"]
[Site "Chess.com INT"]
[Date "2024.08.27"]
[Round "7"]
[White "Subervi Nunez, Jonathan Sigfredo"]
[Black "Manmay, Chopra"]
[Result "1-0"]
[WhiteElo "2044"]
[BlackElo "2152"]
[PlyCount "55"]
[EventDate "2024.08.27"]
[EventType "swiss (blitz)"]
[EventRounds "11"]
[EventCountry "USA"]
[SourceTitle "EXT 2025"]
[Source "ChessBase"]
[SourceDate "2024.10.14"]
[SourceVersion "1"]
[SourceVersionDate "2024.10.14"]
[SourceQuality "1"]

1. e4 c5 2. Nf3 a6 3. c3 e6 4. d4 d5 5. e5 Bd7 6. h4 Bb5 7. Bxb5+ axb5 8. dxc5 Nd7 9. Na3 Qa5 10. b4 Qa6 11. Qe2 b6 12. Nxb5 Qb7 13. Nd6+ Bxd6 14. cxd6 b5 15. Be3 f6 16. Bd4 Nh6 17. exf6 0-0 18. fxg7 Nf7 19. gxf8Q+ Kxf8 20. 0-0 Re8 21. Ne5 Nxd6 22. Qf3+ Ke7 23. Nxd7 Kxd7 24. Rfe1 Nf5 25. Qf4 Rg8 26. a4 h5 27. axb5 Rg4 28. Qe5 1-0

[Event "Titled Tuesday intern op 27th Aug Late"]
[Site "Chess.com INT"]
[Date "2024.08.27"]
[Round "3"]
[White "Vestby Ellingsen, Mads"]
[Black "Manmay, Chopra"]
[Result "1-0"]
[WhiteElo "2360"]
[BlackElo "2152"]
[PlyCount "75"]
[EventDate "2024.08.27"]
[EventType "swiss (blitz)"]
[EventRounds "11"]
[EventCountry "USA"]
[SourceTitle "EXT 2025"]
[Source "ChessBase"]
[SourceDate "2024.10.14"]
[SourceVersion "1"]
[SourceVersionDate "2024.10.14"]
[SourceQuality "1"]

1. e4 c5 2. a3 g6 3. b4 Bg7 4. Nc3 b6 5. Nf3 Bb7 6. Bd3 d6 7. 0-0 Nd7 8. Re1 Ngf6 9. Bb2 0-0 10. Rb1 Ng4 11. Bf1 Nge5 12. Nxe5 Bxe5 13. h3 e6 14. Qf3 f5 15. Bc4 fxe4 16. Bxe6+ Kg7 17. Qe2 Nf6 18. bxc5 bxc5 19. Ba2 Nh5 20. Nxe4 Bxb2 21. Rxb2 Nf4 22. Rxb7+ Kh8 23. Qg4 Qe8 24. Re3 Rb8 25. Qd7 Rxb7 26. Qxb7 Qe5 27. Ng3 Qa1+ 28. Qb1 Qd4 29. Kh2 d5 30. Qe1 g5 31. Re7 Ng6 32. Re8 Kg7 33. Rxf8 Kxf8 34. Qe3 Qb2 35. Qxc5+ Kg7 36. Qxd5 Qxc2 37. Qf7+ Kh8 38. Qg8# 1-0

[Event "Titled Tuesday intern op 20th Aug Late"]
[Site "Chess.com INT"]
[Date "2024.08.20"]
[Round "2"]
[White "Badacsonyi, Stanley Ethan Artie"]
[Black "Manmay, Chopra"]
[Result "1-0"]
[WhiteElo "2179"]
[BlackElo "2152"]
[PlyCount "67"]
[EventDate "2024.08.20"]
[EventType "swiss (blitz)"]
[EventRounds "11"]
[EventCountry "USA"]
[SourceTitle "EXT 2025"]
[Source "ChessBase"]
[SourceDate "2024.10.14"]
[SourceVersion "1"]
[SourceVersionDate "2024.10.14"]
[SourceQuality "1"]

1. d4 e6 2. c4 f5 3. Nc3 Nf6 4. Bg5 Be7 5. g3 Ne4 6. Bxe7 Qxe7 7. Bg2 Qb4 8. Bxe4 fxe4 9. Qb3 a5 10. 0-0-0 0-0 11. Nxe4 Qxb3 12. axb3 d5 13. cxd5 exd5 14. Nc3 Be6 15. Nf3 c6 16. Kd2 Bg4 17. Ne5 Be6 18. f3 Nd7 19. Nxd7 Bxd7 20. Na4 Rae8 21. Nb6 Re7 22. Ra1 Bh3 23. Rxa5 Rfe8 24. Re1 g5 25. Raa1 Re3 26. Ra3 Bf5 27. Na4 Bd3 28. Nc3 Ba6 29. b4 Bc4 30. b3 Bd3 31. b5 cxb5 32. Nxd5 Rxe2+ 33. Rxe2 Bxe2 34. Nf6+ 1-0

[Event "Titled Tuesday intern op 20th Aug Early"]
[Site "Chess.com INT"]
[Date "2024.08.20"]
[Round "4"]
[White "Balaji, Aaravamudhan"]
[Black "Manmay, Chopra"]
[Result "1-0"]
[WhiteElo "2355"]
[BlackElo "2152"]
[PlyCount "191"]
[EventDate "2024.08.20"]
[EventType "swiss (blitz)"]
[EventRounds "11"]
[EventCountry "USA"]
[SourceTitle "EXT 2025"]
[Source "ChessBase"]
[SourceDate "2024.10.14"]
[SourceVersion "1"]
[SourceVersionDate "2024.10.14"]
[SourceQuality "1"]

1. b4 Nf6 2. Bb2 e6 3. a3 b6 4. e3 Bb7 5. Nf3 Be7 6. Be2 0-0 7. 0-0 d5 8. c4 c5 9. bxc5 bxc5 10. cxd5 Nxd5 11. Nc3 Bf6 12. Rc1 Nxc3 13. Bxc3 Nd7 14. Qa4 Nb6 15. Qg4 Bxc3 16. Rxc3 Rc8 17. Rfc1 Bxf3 18. Qxf3 Qxd2 19. h4 c4 20. h5 h6 21. Bf1 Rc7 22. Qe4 Qd5 23. Qf4 Rfc8 24. Qg4 Qg5 25. Qf3 Qd5 26. Qg4 Rc5 27. Be2 Qg5 28. Qe4 Qd5 29. Qc2 Nd7 30. Rxc4 Rxc4 31. Bxc4 Qxh5 32. Qd2 Nb6 33. Bd3 Rxc1+ 34. Qxc1 Qd5 35. Qc2 Qd6 36. a4 a5 37. Bb5 g6 38. g3 Nd5 39. Qd2 Qb4 40. Qc1 Qc3 41. Qf1 Kg7 42. Qd1 Qb2 43. Kf1 Kf8 44. Kg1 Nc3 45. Qd4 Qb1+ 46. Kh2 Nxb5 47. Qc5+ Nd6 48. Qxd6+ Kg8 49. Qd8+ Kg7 50. Qxa5 Qc2 51. Qe5+ f6 52. Qxe6 Qxf2+ 53. Kh3 Qf1+ 54. Kh2 Qe2+ 55. Kg1 Qd1+ 56. Kf2 Qc2+ 57. Kf3 Qxa4 58. Qe7+ Kg8 59. Qxf6 Qd1+ 60. Kf2 Qd2+ 61. Kf3 Qd1+ 62. Ke4 Qg4+ 63. Kd5 Qxg3 64. Qd8+ Kf7 65. Qd7+ Kf6 66. Qc6+ Kg5 67. e4 Qd3+ 68. Ke5 Qg3+ 69. Ke6 h5 70. e5 h4 71. Qc1+ Qf4 72. Qe1 h3 73. Kd7 Qd4+ 74. Kc6 Qc4+ 75. Kb7 Qe6 76. Kc7 Kh5 77. Qe2+ Qg4 78. Qe1 Qf4 79. Kd7 Qd4+ 80. Kc7 Qh4 81. Qd1+ Qg4 82. Qe1 Qf4 83. Kd7 Qf5+ 84. Kc6 Qe6+ 85. Kc5 g5 86. Kd4 g4 87. Ke4 Qg6+ 88. Kd4 Qg5 89. e6 g3 90. e7 g2 91. e8Q+ Kg4 92. Q8e4+ Qf4 93. Q1e2+ Kg3 94. Qxf4+ Kxf4 95. Qf2+ Kg4 96. Ke3 1-0

[Event "Titled Tuesday intern op 20th Aug Early"]
[Site "Chess.com INT"]
[Date "2024.08.20"]
[Round "7"]
[White "Hayrapetyan, Edgar"]
[Black "Manmay, Chopra"]
[Result "1/2-1/2"]
[WhiteElo "2216"]
[BlackElo "2152"]
[PlyCount "135"]
[EventDate "2024.08.20"]
[EventType "swiss (blitz)"]
[EventRounds "11"]
[EventCountry "USA"]
[SourceTitle "EXT 2025"]
[Source "ChessBase"]
[SourceDate "2024.10.14"]
[SourceVersion "1"]
[SourceVersionDate "2024.10.14"]
[SourceQuality "1"]

1. e4 Nc6 2. Nf3 e6 3. d4 d5 4. Nc3 dxe4 5. Nxe4 Nf6 6. Bg5 Be7 7. Bxf6 gxf6 8. Bd3 f5 9. Nc3 Bf6 10. Ne2 Nb4 11. Bc4 Nd5 12. c3 Qd6 13. Qb3 Nb6 14. Bd3 Bd7 15. a4 a5 16. Bb5 Bc6 17. Bxc6+ Qxc6 18. Qb5 Qxb5 19. axb5 a4 20. Nf4 Ke7 21. Ke2 Nc4 22. Nd3 Nd6 23. Nc5 a3 24. bxa3 b6 25. Nb3 Nxb5 26. Kd3 Rxa3 27. Rxa3 Nxa3 28. Ra1 Nb5 29. c4 Nd6 30. Ra7 Kd7 31. Ne5+ Bxe5 32. dxe5 Ne4 33. Ke3 Rg8 34. g3 Kc6 35. Nd4+ Kd7 36. Nb5 Rc8 37. f3 Nc5 38. Nd6 Rf8 39. h4 Kc6 40. Nb5 Rc8 41. h5 Nd7 42. f4 f6 43. exf6 Nxf6 44. h6 Ng4+ 45. Kd4 Rd8+ 46. Kc3 Rd7 47. Ra1 Nxh6 48. Re1 Re7 49. Nd4+ Kd7 50. Nf3 Ng4 51. Rd1+ Ke8 52. Ra1 Nf6 53. Ra8+ Kf7 54. Ng5+ Kg7 55. Rc8 h6 56. Rxc7 Ne4+ 57. Kd4 Kf6 58. Nxe4+ fxe4 59. Rxe7 Kxe7 60. Kxe4 Kd6 61. Kd4 h5 62. Kd3 e5 63. f5 Ke7 64. Ke3 Kf7 65. Kf3 Ke7 66. Ke3 Kf7 67. Kd3 Ke7 68. Ke3 1/2-1/2